| 000 | 00000nam##2200000za#4500 |
| 001 | 9.589673 |
| 003 | CaOODSP |
| 005 | 20210624195747 |
| 007 | cr ||||||||||| |
| 008 | 150406|2002||||xxc|||||o f|0| 0 eng|d |
| 040 | |aCaOODSP|beng |
| 041 | |aeng |
| 041 | |afre |
| 043 | |an-cn--- |
| 086 | 1 |aSP2-1/8-2002-PDF |
| 110 | 1 |aCanada. |bQueen's Printer. |
| 245 | 10|aElectoral districts - proposals for the Province of Prince Edward Island (Erratum) |h[electronic resource] |
| 260 | |bQueen's Printer |cAugust 10, 2002. |
| 300 | |a4p. |
| 490 | 1 |aCanada gazette, Part I. Supplement |
| 520 | 3 |a"Notice is hereby given that an error was published in the third paragraph of Part I of the supplement entitled 'Electoral Districts, Proposals for the Province of Prince Edward Island' in the 'Canada Gazette, Part I', vol. 136, No. 32, dated Saturday, August 10, 2002. Therefore, Part I of the supplement is republished in its entirety."--p.2 of 4. |
| 590 | |a13-26-Supp|b2013-11-04 |
| 690 | 07|aElectoral districts|2gcpds |
| 792 | |tCirconscriptions électorales - propositions pour la province de l'Île-du-Prince-Édouard (Erratum) |efre|w(CaOODSP)9.589674 |
| 830 | #0|aCanada gazette, part I. Supplement.|w(CaOODSP)9.500175 |
| 856 | 40|ahttp://publications.gc.ca|qPDF|s186 KB|uhttps://publications.gc.ca/collections/collection_2013/gazette/SP2-1-8-2002.pdf |